| 000 | 00918nam a2200229 a 4500 | ||
|---|---|---|---|
| 001 | 000005830 | ||
| 005 | 20230331073625.0 | ||
| 008 | 090824s1982 dr 001 0 spa d | ||
| 040 |
_aDO-SdBNP _bspa _cBNPHU |
||
| 082 |
_a344.729301 _bH557e |
||
| 100 |
_aHernández Rueda, Lupo, _d1930-2017 _923790 |
||
| 245 | 1 | 0 |
_aEstudios de derecho de trabajo / _cLupo Hernández Rueda. |
| 260 |
_aSan Pedro de Macoris, República Dominicana : _bUniversidad Central del Este, _c1982. |
||
| 300 |
_a526 p. ; _c24 cm. |
||
| 490 | 1 |
_aCentenario de San Pedro de Macoris _v5 |
|
| 590 | _aInventariado, 2018/VM | ||
| 500 | _aIncluye referencias bibliográficas y notas al pie de las páginas. | ||
| 650 | 4 |
_aDerecho laboral _xLegislación _zRepública Dominicana _97806 |
|
| 650 | 4 |
_aDerecho laboral _zRepública Dominicana _97337 |
|
| 830 | 1 |
_aCentenario de San Pedro de Macoris _v5 _916465 |
|
| 910 | _aValidado. Control de calidad MMOLINA | ||
| 999 |
_c5626 _d5626 |
||